The Nature and Properties of Engineering Materials (Record no. 4199)

MARC details
005 - DATE AND TIME OF LATEST TRANSACTION
control field 20250623123055.0
020 ## - INTERNATIONAL STANDARD BOOK NUMBER
International Standard Book Number 0-471-02859-2
082 ## - DEWEY DECIMAL CLASSIFICATION NUMBER
Classification number LM 620.11 JAS
100 ## - MAIN ENTRY--PERSONAL NAME
Author name JASTRZEBSKI, Z. D.
245 ## - TITLE STATEMENT
Title The Nature and Properties of Engineering Materials
250 ## - EDITION STATEMENT
Edition statement 2nd Ed.
260 ## - PUBLICATION, DISTRIBUTION, ETC.
Place of publication, distribution, etc. Canada,
Name of publisher, distributor, etc. John Wiley & Sons,
Date of publication, distribution, etc. 1977.
300 ## - PHYSICAL DESCRIPTION
Extent xviii, 633p.: ill.; figure, table,
Other physical details Index.
Dimensions 24cm.
942 ## - ADDED ENTRY ELEMENTS (KOHA)
Source of classification or shelving scheme Dewey Decimal Classification
Koha item type Books
Holdings
Date last seen Total checkouts Full call number Barcode Cost, replacement price Price effective from Koha item type Lost status Source of classification or shelving scheme Damaged status Not for loan Withdrawn status Home library Current library Shelving location Date acquired Cost, normal purchase price
06/17/2025   LM 620.11 JAS 00000010866 30000.00 06/17/2025 Books   Dewey Decimal Classification       College of Business Education Main Library College of Business Education Main Library General Collection 10/05/1979 10000.00
06/17/2025   LM 620.11 JAS 00000010867 30000.00 06/17/2025 Books   Dewey Decimal Classification       College of Business Education Main Library College of Business Education Main Library General Collection 10/05/1979 10000.00